Organismos de Bogotá - Estadísticas

Estadísticas generales
  • Esta prueba ha sido intentada 9 veces
  • La puntuación promedio es 8 de 23
Estadísticas de respuestas
Entidad % Correcto
Secretaría de Educación del Distrito
75%
Secretaría Distrital de Ambiente
75%
Alcaldía Mayor de Bogotá
63%
Secretaría Distrital de Cultura, Recreación y Deporte
63%
Concejo de Bogotá
50%
Secretaría Distrital de Movilidad
50%
Secretaría Distrital de Seguridad, Convivencia y Justicia
50%
Contraloría Distrital
38%
Personería Distrital
38%
Secretaría Distrital de Salud
38%
Cuerpo Oficial de Bomberos de Bogotá
25%
Departamento Administrativo de la Defensoría del Espacio Público
25%
Secretaría Distrital de Gobierno
25%
Secretaría Distrital de Hacienda
25%
Secretaría Distrital de la Mujer
25%
Secretaría Distrital de Planeación
25%
Secretaría Jurídica Distrital
25%
Veeduría Distrital
25%
Departamento Administrativo del Servicio Civil Distrital
13%
Secretaría Distrital de Desarrollo Económico
13%
Secretaría Distrital de Hábitat
13%
Secretaría Distrital de Integración Social
13%
Secretaría General
13%
No se encontraron pruebas coincidentes
Distribución de puntuación
Porcentaje de gente con cada puntuación
Porcentaje por número respondido
Historial de tus puntuaciones
No has intentado esta prueba.